00493nam a2200145Ia 4500020004200000040000800042082002600050245006500076246005300141260004400194300005900238500001900297650001300316700001800329 a0078228824 (teacher's wraparound ed.) cUUW a516 GLE 2001 A008 Or.00aGlencoe geometry :bintegration, applications, connections /30aGeometry, integration, applications, connections aNew York :bGlencoe/McGraw-Hill,cc2001 axviii, 910 p. :bcol. ill. ;c29 cm. +e1 teacher's ed aIncludes index 0aGeometry1 aBoyd, Cindy J